Upgradation of slums: a study of Kanpur city (Record no. 492303)

000 -LEADER
fixed length control field 00425cam a22001337a 4500
008 - FIXED-LENGTH DATA ELEMENTS--GENERAL INFORMATION
fixed length control field 180718b1995 xxu||||| |||| 00| 0 eng d
082 ## - DEWEY DECIMAL CLASSIFICATION NUMBER
Classification number PROJ.REP. 1995/NAR
100 ## - MAIN ENTRY--PERSONAL NAME
Personal name Narain, M.K.
245 ## - TITLE STATEMENT
Title Upgradation of slums: a study of Kanpur city
Statement of responsibility, etc. by M.K. Narain
260 ## - PUBLICATION, DISTRIBUTION, ETC.
Place of publication, distribution, etc. New Delhi
Name of publisher, distributor, etc. Indian Institute of Public Administration
Date of publication, distribution, etc. 1995
300 ## - PHYSICAL DESCRIPTION
Extent 121p.
440 ## - SERIES STATEMENT/ADDED ENTRY--TITLE
Title IIPA Working Paper, 1995: 7
650 ## - SUBJECT ADDED ENTRY--TOPICAL TERM
Topical term or geographic name entry element Urban development
Holdings
Withdrawn status Lost status Damaged status Not for loan Permanent Location Current Location Date acquired Full call number Barcode Date last seen Price effective from Koha item type
        Indian Institute of Public Administration Indian Institute of Public Administration 2018-08-04 PROJ.REP. 1995/NAR GR16139 2018-08-04 2018-08-04 GR

Powered by Koha